Latín 2
Salvato in:
| Autore principale: | |
|---|---|
| Natura: | Libro |
| Lingua: | Undetermined |
| Pubblicazione: |
Madrid, España
Ediciones ANAYA
1981
|
| Soggetti: | |
| Tags: |
Aggiungi Tag
Nessun Tag, puoi essere il primo ad aggiungerne!!
|
MARC
| LEADER | 00000nam a2200000Ia 4500 | ||
|---|---|---|---|
| 008 | 170316s9999 xx 000 0 und d | ||
| 090 | |a 415-L S-1L v.2 | ||
| 100 | |a Segura Munguía, Santiago | ||
| 245 | |a Latín 2 | ||
| 260 | |a Madrid, España | ||
| 260 | |b Ediciones ANAYA | ||
| 260 | |c 1981 | ||
| 300 | |a 423 páginas | ||
| 650 | |a GRAMÁTICA LATINA | ||
| 650 | |a LENGUA | ||
| 650 | |a LENGUAJE | ||
| 650 | |a CLASIFICACIÓN | ||
| 650 | |a LATIN - HISTORIA | ||
| 040 | |a cru BVZT | ||
| 942 | 0 | 0 | |0 2 |
| 999 | |c 19646 |d 19646 | ||
